000 00798nam a2200253 a 4500
005 20191224041548.0
008 140224b1997 mx ||||| |||| 00| 0 spa d
040 _aCO-BoIAVH
_cCO-BoIAVH
041 _aspa
044 _amx
090 _aLB
_b00922
100 _aJustines, Gustavo
_910003
245 _aMétodos de monitoreo para estimar la mortalidad incidental de mamíferos marinos en el Pacífico de Panamá
260 _aMéxico
_bComisión Permanente del Pacífico Sur
_c1997
300 _a100 p.
650 6 _aMonitoreo biológico
_93265
650 6 _aMamíferos
_944823
650 6 _aMastozoología
_97595
650 6 _aMortalidad
_99773
650 6 _aEcología de poblaciones
_93557
650 6 _aPesca tradicional
_910005
650 _aRecursos pesqueros
_944825
942 _cINFORME
_2z
999 _c934
_d934